<The> Labour market in the CR: trends, policies and attitudes
Gespeichert in:
| 1. Verfasser: | |
|---|---|
| Weitere Verfasser: | |
| Format: | Buchkapitel |
| Sprache: | Englisch |
| Schlagworte: | |
| Tags: |
Keine Tags, Fügen Sie das erste Tag hinzu!
|
MARC
| LEADER | 00000naa$a2200000$$$4500 | ||
|---|---|---|---|
| 001 | 0032068 | ||
| 005 | 20231010104919.6 | ||
| 041 | 0 | |a eng | |
| 044 | |a CZ | ||
| 245 | 1 | 0 | |a <The> Labour market in the CR: trends, policies and attitudes |c Vladislav Flek, Jiří Večerník |
| 610 | 2 | 0 | |a trh práce |
| 610 | 2 | 0 | |a Česko |
| 610 | 2 | 0 | |a zamestnanosť |
| 610 | 2 | 0 | |a nezamestnanosť |
| 610 | 2 | 0 | |a pohyb síl pracovných |
| 610 | 2 | 0 | |a nezamestnanosť dlhodobá |
| 610 | 2 | 0 | |a mzdy |
| 100 | 1 | |a Flek, Vladislav | |
| 700 | 1 | |a Večerník, Jiří | |